Statistics for Countries Starting With A in 90 Seconds

Click here to take the quiz!

General Stats

  • This quiz has been taken 89 times
  • The average score is 10 of 12

Answer Stats

country% Correct
Afghanistan
91%
Angola
91%
Austria
91%
Azerbaijan
91%
Albania
90%
Armenia
89%
Australia
89%
Andorra
87%
Algeria
85%
Argentina
84%
Antigua and
Barbuda
81%
Aruba
37%

Score Distribution

Percentile by Number Answered

Percent of People with Each Score

Your Score History

You have not taken this quiz